书目信息 |
| 题名: |
自我与面具
|
|
| 作者: | 卡尔 著 ;修佳明 译 | |
| 分册: | ||
| 出版信息: | 北京 中国人民大学出版社 2017 |
|
| 页数: | 13,246页 | |
| 开本: | 21cm | |
| 丛书名: | 创意写作书系 | |
| 单 册: | ||
| 中图分类: | I055 | |
| 科图分类: | ||
| 主题词: | 回忆录--写作 | |
| 电子资源: | ||
| ISBN: | 978-7-300-23937-8 | |
| 000 | 01083oam2 2200265 450 | |
| 001 | 1942 | |
| 005 | 20180522153725.85 | |
| 010 | @a978-7-300-23937-8@b精装@dCNY39.00 | |
| 100 | @a20180217d2017 em y0chiy50 ea | |
| 101 | 1 | @achi@ceng |
| 102 | @aCN@b110000 | |
| 105 | @ay z 000yy | |
| 200 | 1 | @a自我与面具@9zi wo yu mian ju@e回忆录写作的艺术@dThe art of memoir@f(美)玛丽·卡尔(Mary Karr)著@g修佳明译@zeng |
| 210 | @a北京@c中国人民大学出版社@d2017 | |
| 215 | @a13,246页@d21cm | |
| 225 | 1 | @a创意写作书系 |
| 330 | @a本书以卡尔最为推崇的回忆录片段及其从同侪作家的经历中采撷的逸闻趣事为依托,将她的创作历程展露无遗。她把伟大的文学回忆录敲碎分解成关键的要素,也敲开了我们对于回忆与身份的认识,并生动地阐明了反思过往的净化力量。每一个拥有内在生命或复杂经历的个人,不管是作家还是读者,都会与之产生共鸣。 | |
| 461 | 0 | @12001 @a创意写作书系 |
| 510 | 1 | @aArt of memoir@zeng |
| 606 | 0 | @a回忆录@x写作 |
| 690 | @aI055@v5 | |
| 701 | 0 | @c(美)@a卡尔@9ka er@c(女,Karr, Mary)@4著 |
| 702 | 0 | @a修佳明@9xiu jia ming@4译 |
| 801 | 0 | @aCN@b91MARC@c20180217 |
| 905 | @aMuseLib@dI055@e222 | |
| 自我与面具:回忆录写作的艺术=The art of memoir/(美)玛丽·卡尔(Mary Karr)著/修佳明译.-北京:中国人民大学出版社,2017 |
| 13,246页;21cm.-(创意写作书系) |
| ISBN 978-7-300-23937-8(精装):CNY39.00 |
| 本书以卡尔最为推崇的回忆录片段及其从同侪作家的经历中采撷的逸闻趣事为依托,将她的创作历程展露无遗。她把伟大的文学回忆录敲碎分解成关键的要素,也敲开了我们对于回忆与身份的认识,并生动地阐明了反思过往的净化力量。每一个拥有内在生命或复杂经历的个人,不管是作家还是读者,都会与之产生共鸣。 |
| ● |
| 相关链接 |
|
|
|
|
正题名:自我与面具
索取号:I055/222
 
预约/预借
| 序号 | 登录号 | 条形码 | 馆藏地/架位号 | 状态 | 备注 |
| 1 | 1107321 | 211073210 | 第一样本阅览室/ [索取号:I055/222] | 在馆 | |
| 2 | 1107322 | 211073229 | 教育系资料室/ [索取号:I055/222] | 在馆 | |
| 3 | 1107323 | 211073238 | 教育系资料室/ [索取号:I055/222] | 在馆 | |
| 4 | 1107324 | 211073247 | 第二借阅区/ [索取号:I055/222] | 在馆 |